[Event "FRM-chT2"]
[Site "Struga"]
[Date "2023.07.03"]
[Round "6.1"]
[White "Sapkaroski, Goce"]
[Black "Todorovski, Tome"]
[Result "1/2-1/2"]
[WhiteElo "2180"]
[BlackElo "2213"]
[PlyCount "50"]
[EventDate "2023.06.30"]
[EventType "team-tourn"]
[EventRounds "7"]
[EventCountry "MKD"]
[SourceTitle "EXT 2024"]
[Source "ChessBase"]
[SourceDate "2023.10.10"]
[SourceVersion "1"]
[SourceVersionDate "2023.10.10"]
[SourceQuality "1"]

1. e4 e5 2. Nf3 Nc6 3. Bb5 Nge7 4. 0-0 d6 5. d4 Bd7 6. d5 Nb8 7. Bxd7+ Qxd7 8. c4 Ng6 9. Nc3 Be7 10. Be3 a5 11. b3 0-0 12. Ne1 f5 13. f3 b6 14. a3 Na6 15. Nd3 Nc5 16. b4 axb4 17. Nxb4 Nf4 18. Bxc5 bxc5 19. Nd3 Bf6 20. Nb5 Rf7 21. Ra2 Ng6 22. Qd2 Ne7 23. Nf2 h5 24. a4 f4 25. Qe2 g5 1/2-1/2

[Event "FRM-chT2"]
[Site "Struga"]
[Date "2023.07.01"]
[Round "2.1"]
[White "Sapkaroski, Goce"]
[Black "Spasenovski, Savo"]
[Result "0-1"]
[WhiteElo "2180"]
[BlackElo "2275"]
[PlyCount "104"]
[EventDate "2023.06.30"]
[EventType "team-tourn"]
[EventRounds "7"]
[EventCountry "MKD"]
[SourceTitle "EXT 2024"]
[Source "ChessBase"]
[SourceDate "2023.10.10"]
[SourceVersion "1"]
[SourceVersionDate "2023.10.10"]
[SourceQuality "1"]

1. e4 e6 2. d4 d5 3. Nc3 dxe4 4. Nxe4 Nd7 5. Nf3 Ngf6 6. Nxf6+ gxf6 7. Bd3 b6 8. Be4 Rb8 9. Qd3 Bb7 10. Bxb7 Rxb7 11. Bf4 c6 12. 0-0-0 b5 13. Rhe1 Nb6 14. g4 h6 15. Kb1 Nd5 16. Bc1 a5 17. Ng1 Bd6 18. h3 a4 19. Ne2 Qc7 20. f4 Bxf4 21. Nxf4 Nxf4 22. Bxf4 Qxf4 23. Rf1 Qg5 24. Qf3 Rc7 25. Qxf6 Qxf6 26. Rxf6 Rd7 27. Rdf1 h5 28. c3 hxg4 29. hxg4 Rg8 30. R1f4 Rg7 31. Kc2 Rd5 32. Re4 Rdg5 33. Rff4 Rh7 34. Kd3 Rh3+ 35. Re3 Rh4 36. Ree4 Rg7 37. b3 Rgh7 38. c4 Rh2 39. bxa4 R7h3+ 40. Re3 bxc4+ 41. Ke4 Rxe3+ 42. Kxe3 Rxa2 43. Ke4 Rxa4 44. Rf2 Ke7 45. Rb2 c3 46. Rb7+ Kf6 47. Kd3 c2 48. Kxc2 Rxd4 49. g5+ Kg6 50. Rc7 Rd5 51. Rxc6 Kxg5 52. Ra6 e5 0-1